000 00703nam a2200253Ia 4500
003 OSt
005 20220918163206.0
006 a|||||r|||| 00| 0
007 ta
008 220917b |||||||| |||| 00| 0 eng d
020 _a0 19 577256 3
024 _a252,159
037 _cTextual
040 _aARTS
_cARTS
_beng
041 _2eng
_aeng
082 _aY744Q76:7:7, L7
100 _aAhmad Akbar S
_911879
245 0 _aSocial and economic change in the tribal areas 1972-1976
260 _aKarachi
_bOxford University Press Pakistan
_c1977
300 _a81p.
_ccm.
650 _aSOCIOLOGY
942 _hY744Q76:7:7, L7
_cTEXL
_2CC
999 _c118333
_d118333